000 01000nam a22002897a 4500
003 SISC
005 20190112082124.0
008 160714b xxu||||| |||| 00| 0 eng d
020 _a9780062262851
050 _aPZ 7 .C2685133 Eli 2013
100 _aCass, Keira
245 _aThe elite /
_cKiera Cass.
250 _a1st ed.
260 _aNew York :
_bHarperCollins Publishers,
_cc2013.
300 _a323 p. :
_c21 cm.
440 _aThe selection series
520 _a"Sixteen-year-old America Singer is one of only six girls still competing in the Selection--but before she can fight to win Prince Maxon and the Illean crown, she must decide where her own heart truly lies"-- Provided by publisher.
650 _aMarriage--Fiction.
650 _aContests--Fiction.
650 _aSocial classes--Fiction.
650 _aPrinces--Fiction.
650 _aLove--Fiction.
650 _aRevolutionaries--Fiction.
942 _2lcc
_cBK
999 _c297726
_d297726